[Event "AUT-ch U12 Girls"]
[Site "Vienna"]
[Date "2008.05.11"]
[Round "3"]
[White "Weyringer, Laura"]
[Black "Toldo, Theresa"]
[Result "0-1"]
[WhiteElo "1373"]
[BlackElo "1422"]
[PlyCount "74"]
[EventDate "2008.05.10"]
[EventType "swiss"]
[EventRounds "7"]
[EventCountry "AUT"]
[SourceTitle "EXT 2009"]
[Source "ChessBase"]
[SourceDate "2008.11.26"]
[SourceVersion "1"]
[SourceVersionDate "2008.11.26"]
[SourceQuality "1"]

1. e4 e5 2. Nf3 Nc6 3. Bc4 Nf6 4. Ng5 d5 5. exd5 Ne7 6. d6 Ned5 7. Nc3 Be6 8. Qf3 e4 9. Ncxe4 Nxe4 10. Nxe6 fxe6 11. Qxe4 Qxd6 12. d3 0-0-0 13. Bb3 g6 14. Qd4 Rg8 15. Qxa7 Qe5+ 16. Be3 Qxb2 17. Qa8+ Kd7 18. Ba4+ c6 19. Bxc6+ bxc6 20. Qa7+ Ke8 21. 0-0 Rg7 22. Rab1 Qxc2 23. Rb7 Rdd7 24. Rc1 Qxd3 25. Qa8+ Rd8 26. Rb8 Rgd7 27. Bg5 Be7 28. Bxe7 Kxe7 29. Rxd8 Rxd8 30. Qb7+ Ke8 31. Qxc6+ Ke7 32. Qc5+ Kf6 33. a4 Ne7 34. g3 Rc8 35. Rc3 Qd1+ 36. Kg2 Rxc5 37. Rxc5 Qxa4 0-1

[Event "AUT-ch U12 Girls"]
[Site "Vienna"]
[Date "2008.05.10"]
[Round "2"]
[White "Toldo, Theresa"]
[Black "Kogler, Alexandra"]
[Result "0-1"]
[WhiteElo "1422"]
[BlackElo "1494"]
[PlyCount "146"]
[EventDate "2008.05.10"]
[EventType "swiss"]
[EventRounds "7"]
[EventCountry "AUT"]
[SourceTitle "EXT 2009"]
[Source "ChessBase"]
[SourceDate "2008.11.26"]
[SourceVersion "1"]
[SourceVersionDate "2008.11.26"]
[SourceQuality "1"]

1. c4 Nf6 2. Nc3 e5 3. g3 Nc6 4. Bg2 Bc5 5. d3 d6 6. Nf3 0-0 7. 0-0 h6 8. a3 Be6 9. b4 Bd4 10. Bb2 Bxc3 11. Bxc3 a6 12. Qc2 Qd7 13. a4 Ne7 14. Rab1 b5 15. axb5 axb5 16. Nxe5 dxe5 17. Bxa8 Rxa8 18. Rfd1 bxc4 19. dxc4 Qc8 20. Bxe5 Bh3 21. Rd2 Qb7 22. f3 Ng4 23. Qe4 Qxe4 24. fxe4 Nxe5 25. c5 Ng4 26. Rd7 Ng6 27. Rxc7 Re8 28. b5 Rxe4 29. b6 Rxe2 30. b7 Rg2+ 31. Kf1 Ne3+ 32. Ke1 Rg1+ 33. Kf2 Rxb1 34. Kxe3 Kh7 35. c6 Bg2 36. Rc8 Bxc6 37. b8Q Rxb8 38. Rxb8 Ne7 39. Kd4 f6 40. Kc5 Bg2 41. Kd6 Nf5+ 42. Ke6 Nd4+ 43. Kf7 Nf3 44. h4 Ne5+ 45. Ke6 Bh3+ 46. Kd5 Bg2+ 47. Kd6 g5 48. hxg5 hxg5 49. Rf8 Kg7 50. Re8 Bc6 51. Re7+ Kg6 52. Ke6 Bd7+ 53. Kd6 Bg4 54. Re8 Kf7 55. Re7+ Kg6 56. Re8 Bd1 57. Rg8+ Kf5 58. Rf8 Ng6 59. Rg8 Bb3 60. Rg7 Ne5 61. Ke7 Ng4 62. Rh7 Ke4 63. Rh3 Kf3 64. Kf8 Kg2 65. Rh7 Kxg3 66. Kg7 f5 67. Kg6 f4 68. Kxg5 f3 69. Rh1 f2 70. Kh5 Kg2 71. Rc1 Ne3 72. Kg5 Bd1 73. Kf4 f1Q+ 0-1

[Event "AUT-ch U10 Girls"]
[Site "Mattersburg"]
[Date "2007.??.??"]
[Round "5"]
[White "Chimenti, Lena"]
[Black "Toldo, Theresa"]
[Result "1-0"]
[WhiteElo "1321"]
[BlackElo "1345"]
[PlyCount "43"]
[EventDate "2007.05.??"]
[EventType "swiss"]
[EventRounds "7"]
[EventCountry "AUT"]
[SourceTitle "EXT 2008"]
[Source "ChessBase"]
[SourceDate "2007.11.25"]
[SourceVersion "1"]
[SourceVersionDate "2007.11.25"]
[SourceQuality "1"]

1. e4 e5 2. Nf3 Nc6 3. Bb5 Nf6 4. Nc3 d5 5. exd5 Nxd5 6. d4 Bf5 7. dxe5 Bc5 8. Qxd5 0-0 9. 0-0 Ne7 10. Qxc5 Bxc2 11. Bg5 b6 12. Qb4 Qc8 13. Bxe7 Re8 14. Bxe8 Bd3 15. Bc6 Rb8 16. Rfd1 Bf5 17. Rd8+ Qxd8 18. Bxd8 Rxd8 19. Nh4 Bd3 20. Rd1 h6 21. Be4 Re8 22. Rxd3 1-0

[Event "AUT-ch U10 Girls"]
[Site "Mattersburg"]
[Date "2007.??.??"]
[Round "6"]
[White "Toldo, Theresa"]
[Black "Moser, Nadine"]
[Result "0-1"]
[WhiteElo "1345"]
[BlackElo "1267"]
[PlyCount "78"]
[EventDate "2007.05.??"]
[EventType "swiss"]
[EventRounds "7"]
[EventCountry "AUT"]
[SourceTitle "EXT 2008"]
[Source "ChessBase"]
[SourceDate "2007.11.25"]
[SourceVersion "1"]
[SourceVersionDate "2007.11.25"]
[SourceQuality "1"]

1. e4 e5 2. Nf3 Nc6 3. Bc4 Nf6 4. Ng5 Qe7 5. Nxf7 Rg8 6. Nd6+ cxd6 7. Bxg8 Qd8 8. Bc4 b6 9. Nc3 Na5 10. Bd3 d5 11. exd5 Bb7 12. Be4 Bb4 13. d3 Nxd5 14. 0-0 Nf6 15. Bg5 Bxc3 16. bxc3 Qc8 17. Bf5 Qc5 18. Bh3 d6 19. Qf3 Qc7 20. Bxf6 Bxf3 21. gxf3 Kf7 22. Bh4 Kf8 23. Rfe1 Nc6 24. Re4 Qf7 25. Rc4 Ne7 26. Rc7 Qg6+ 27. Kf1 Nd5 28. Rd7 Nf4 29. Be7+ Ke8 30. Rxd6 Nxh3 31. Rxg6 hxg6 32. Bd6 Rc8 33. Re1 Rxc3 34. Bxe5 Rxc2 35. Bxg7+ Kf7 36. Bd4 Nf4 37. Re4 g5 38. Re5 a6 39. Rxg5 Rc1# 0-1